000 00228nam a2200097Ia 4500
008 190216s9999||||xx |||||||||||||| ||und||
100 _aNull
245 0 _aHindi-Hindi Upanyas Ke Path Minh
260 _bS Vishwanathan
942 _cBK
999 _c17557
_d17557